000 01310nam2a22002651 4500
001 RU\NLR\INFOCOMM7\5000022849
005 20260406022120.0
035 _a(NLR Aleph) 002386981
090 _a4618825
_c4618825
100 _a20041220d1916 |||y0rusy50 ca
101 0 _arus
102 _aRU
105 _ay ||||000|y
200 1 _aЕловые насаждения в Северной и Северо-Восточной России
_fА.В. Тюрин
210 _d1916
_aБ. м.
461 0 _1001RU\NLR\INFOCOMM7\5000022532
_12001#$aТруды по опытному лесному делу в России$fГлав. упр. землеустройства и земледелия. Лесной департамент$vВып.58
_94618059
_cСПб.
_d1900-1931
_fГлав. упр. землеустройства и земледелия. Лесной департамент
_tТруды по опытному лесному делу в России
_vВып.58
700 1 _4070
_8rus
_7ca
_aТюрин
_bА. В.
_cд-р с.-х. наук
_f1882-1979
_gАлександр Владимирович
_3RU\NLR\AUTH\77123677
_9106602
801 1 _aRU
_bInfoComm
_c20041220
801 0 _aRU
_bNLR
_gPSBO
852 _aNLR
_j131/1105
852 _aNLR
_j37.5.4.35
942 _cISSUE
980 _aNB
980 _aRUSPER